[Event "Treviso op-A 3rd"]
[Site "Treviso"]
[Date "2019.03.31"]
[Round "4.9"]
[White "Cecotti, Daniele"]
[Black "Sforza, Michelangelo"]
[Result "1/2-1/2"]
[WhiteElo "1870"]
[BlackElo "1837"]
[PlyCount "40"]
[EventDate "2019.03.29"]
[EventType "swiss"]
[EventRounds "5"]
[EventCountry "ITA"]
[SourceTitle "EXT 2024"]
[Source "ChessBase"]
[SourceDate "2023.10.10"]
[SourceVersion "1"]
[SourceVersionDate "2023.10.10"]
[SourceQuality "1"]

1. e4 c5 2. c3 Nc6 3. d4 cxd4 4. cxd4 d5 5. exd5 Qxd5 6. Nf3 e5 7. Nc3 Bb4 8. Bd2 Bxc3 9. Bxc3 e4 10. Ne5 Nxe5 11. dxe5 Ne7 12. Qxd5 Nxd5 13. Bb5+ Bd7 14. Bxd7+ Kxd7 15. 0-0-0 Ke6 16. Rhe1 Nxc3 17. bxc3 Rac8 18. Rxe4 Rxc3+ 19. Kb2 Rhc8 20. Re2 R3c6 1/2-1/2

[Event "Treviso op-A 3rd"]
[Site "Treviso"]
[Date "2019.03.30"]
[Round "2.9"]
[White "Cecotti, Daniele"]
[Black "Rosina, Graziano"]
[Result "0-1"]
[WhiteElo "1870"]
[BlackElo "1763"]
[PlyCount "75"]
[EventDate "2019.03.29"]
[EventType "swiss"]
[EventRounds "5"]
[EventCountry "ITA"]
[SourceTitle "EXT 2024"]
[Source "ChessBase"]
[SourceDate "2023.10.10"]
[SourceVersion "1"]
[SourceVersionDate "2023.10.10"]
[SourceQuality "1"]

1. e4 e5 2. Nf3 Nf6 3. d4 Nxe4 4. Bd3 d5 5. Nxe5 Bd6 6. c4 Bxe5 7. dxe5 0-0 8. 0-0 Nc6 9. Bf4 Nc5 10. cxd5 Nxd3 11. Qxd3 Nb4 12. Qe4 Nxd5 13. Bg3 c6 14. Nd2 Nb6 15. Nf3 Be6 16. Qc2 h6 17. Rad1 Bd5 18. Nd4 Qg5 19. f4 Qg4 20. b3 f6 21. exf6 Rxf6 22. f5 Be4 23. Qf2 Raf8 24. h3 Qh5 25. Be5 R6f7 26. Qg3 Qg5 27. Qxg5 hxg5 28. g4 Bd5 29. Nc2 Re8 30. Bc3 Nd7 31. Nb4 Nf6 32. Bxf6 gxf6 33. Nxd5 cxd5 34. Rxd5 Re3 35. Rd8+ Kg7 36. Kg2 Rc7 37. Rfd1 Rc2+ 38. R1d2 0-1

[Event "Treviso op-A 3rd"]
[Site "Treviso"]
[Date "2019.03.29"]
[Round "1.11"]
[White "Battagin, Mose"]
[Black "Cecotti, Daniele"]
[Result "1/2-1/2"]
[WhiteElo "1757"]
[BlackElo "1870"]
[PlyCount "69"]
[EventDate "2019.03.29"]
[EventType "swiss"]
[EventRounds "5"]
[EventCountry "ITA"]
[SourceTitle "EXT 2024"]
[Source "ChessBase"]
[SourceDate "2023.10.10"]
[SourceVersion "1"]
[SourceVersionDate "2023.10.10"]
[SourceQuality "1"]

1. e4 Nf6 2. Nc3 d5 3. e5 Nfd7 4. d4 e6 5. f4 c5 6. Nf3 Be7 7. Be3 0-0 8. Qd2 Nc6 9. Be2 f5 10. 0-0 a6 11. dxc5 Nxc5 12. Nd4 Nxd4 13. Bxd4 b5 14. a3 Qc7 15. Rad1 Rd8 16. Rf3 Bb7 17. Qe3 Rac8 18. Bd3 Ne4 19. Ne2 Rd7 20. c3 Nc5 21. Bc2 Bf8 22. Rff1 Qc6 23. Qf3 Ne4 24. Be3 Bc5 25. Bxc5 Qxc5+ 26. Nd4 Qe7 27. Bd3 Kh8 28. Qe3 Bc6 29. Bxe4 dxe4 30. Rd2 Bd5 31. Re1 Rdc7 32. Nc2 a5 33. Qb6 Qc5+ 34. Qxc5 Rxc5 35. Ne3 1/2-1/2